000 00377nam a22000977a 4500
100 _aसिंह,नामवर
_981106
245 _aरामचन्‍द्र शुक्‍ल प्रतिनिधि संकलन
260 _aदिल्‍ली
_bनेशनल बुक ट्रस्‍ट
_c2003
650 _aरचनावली
_9163
942 _cHIN
999 _c64354
_d64354